| 000 | 00975cab a2200205 4500 | ||
|---|---|---|---|
| 001 | ##L131268 | ||
| 008 | 051014n2005 000 0 eng u | ||
| 035 | _a(Sirsi) u131268 | ||
| 041 | 0 | _aeng | |
| 100 | 1 | _aPilkington, Lisa | |
| 245 | 0 | 0 |
_aFocus _bsouthern Europe and Turkey |
| 260 | 3 | _c2005 | |
| 490 | 0 |
_aEstates Gazette _v(0540) 8 October 2005,135-143(8) |
|
| 520 | _aCovers aspects of the commercial property investment markets in Spain, Italy and Turkey: good preparation and good relations with local partners are prerequisites for addressing the volatile Spanish market; major UK developers remain cautious about entering the Italian market and most blame Italian red tape, and investors are moving into the recovering Turkish market in spite of the troubled economy and natural disasters. | ||
| 590 | _aIKA251005 | ||
| 690 | _aPROPERTY-COMMERCIAL PROPERTY-COMMERCIAL PROPERTY MARKET | ||
| 700 | 1 | _aMorrison, Adrian | |
| 700 | 1 | _aElghamry, Nadia | |
| 942 | _n0 | ||
| 999 |
_c76008 _d76008 |
||